[Event "CZE-chT2C 1920"]
[Site "Czech Republic"]
[Date "2020.06.28"]
[Round "11.8"]
[White "Smolik, Jachym"]
[Black "Janouch, Jachym Stepan"]
[Result "1-0"]
[WhiteElo "1900"]
[BlackElo "1861"]
[PlyCount "53"]
[EventDate "2019.10.13"]
[EventType "team-tourn"]
[EventRounds "11"]
[EventCountry "CZE"]
[SourceTitle "EXT 2024"]
[Source "ChessBase"]
[SourceDate "2023.10.10"]
[SourceVersion "1"]
[SourceVersionDate "2023.10.10"]
[SourceQuality "1"]
[WhiteTeam "Ricany 1925"]
[BlackTeam "Jicin"]
[WhiteTeamCountry "CZE"]
[BlackTeamCountry "CZE"]

1. d4 d5 2. c4 e6 3. Nc3 a6 4. Nf3 Nd7 5. cxd5 exd5 6. Nxd5 c5 7. Bf4 Qa5+ 8. b4 cxb4 9. Nc7+ Kd8 10. Nxa8 b3+ 11. Bd2 Bb4 12. axb3 Bxd2+ 13. Nxd2 Qd5 14. Qc2 Ngf6 15. Rc1 Ke7 16. Qc4 Qa5 17. b4 Qf5 18. f3 Rd8 19. b5 Kf8 20. Nc7 Qg5 21. Qb4+ Kg8 22. Qe7 Rf8 23. g3 h5 24. f4 Qg6 25. Nf3 axb5 26. Nh4 Qg4 27. Rg1 1-0

[Event "CZE-ch U16"]
[Site "Kouty nad Desnou"]
[Date "2020.03.09"]
[Round "3"]
[White "Mach, Petr2"]
[Black "Janouch, Jachym Stepan"]
[Result "1-0"]
[WhiteElo "2045"]
[BlackElo "1888"]
[PlyCount "71"]
[EventDate "2020.03.07"]
[EventType "swiss"]
[EventRounds "7"]
[EventCountry "CZE"]
[SourceTitle "CBM 195 Extra"]
[Source "ChessBase"]
[SourceDate "2020.05.31"]
[SourceVersion "1"]
[SourceVersionDate "2020.05.31"]
[SourceQuality "1"]

1. d4 d5 2. c4 e6 3. Nf3 a6 4. Bg5 Be7 5. Bxe7 Nxe7 6. e3 0-0 7. Nbd2 Nd7 8. Bd3 Nf6 9. 0-0 dxc4 10. Nxc4 b6 11. Rc1 Bb7 12. Nce5 Rc8 13. Qe2 b5 14. a4 c6 15. Nd2 Nd7 16. Nxd7 Qxd7 17. Nb3 Nd5 18. Nc5 Qe7 19. Be4 Rfd8 20. Bxd5 exd5 21. axb5 axb5 22. b4 Rd6 23. Ra1 h6 24. Ra7 Rc7 25. Rfa1 Kh7 26. Qc2+ Rg6 27. h4 h5 28. Qf5 Bc8 29. Rxc7 Qxc7 30. Qxh5+ Rh6 31. Qg5 f6 32. Qg3 Qf7 33. Ra8 Bf5 34. Qb8 Kg6 35. Ra7 Rh8 36. Qg3+ 1-0

[Event "CZE-chT2C 1920"]
[Site "Czech Republic"]
[Date "2020.02.23"]
[Round "9.8"]
[White "Ruzicka, Filip1"]
[Black "Janouch, Jachym Stepan"]
[Result "1/2-1/2"]
[WhiteElo "1792"]
[BlackElo "1861"]
[PlyCount "70"]
[EventDate "2019.10.13"]
[EventType "team-tourn"]
[EventRounds "11"]
[EventCountry "CZE"]
[SourceTitle "EXT 2024"]
[Source "ChessBase"]
[SourceDate "2023.10.10"]
[SourceVersion "1"]
[SourceVersionDate "2023.10.10"]
[SourceQuality "1"]
[WhiteTeam "Kobylisy II"]
[BlackTeam "Jicin"]
[WhiteTeamCountry "CZE"]
[BlackTeamCountry "CZE"]

1. e4 e5 2. Nf3 Nc6 3. d4 exd4 4. c3 dxc3 5. Bc4 d6 6. Nxc3 Be7 7. Qb3 Nf6 8. Bxf7+ Kf8 9. Ng5 Na5 10. Qa4 h6 11. Ne6+ Bxe6 12. Bxe6 Nc6 13. 0-0 g6 14. f4 Kg7 15. f5 g5 16. h4 g4 17. Be3 a6 18. Rad1 Qe8 19. Nd5 Nxd5 20. exd5 Ne5 21. Qf4 Bf6 22. Bd4 Qh5 23. Rc1 Rac8 24. Bxc8 Rxc8 25. Bxe5 Bxe5 26. f6+ Kf7 27. Qe4 Kf8 28. Rf5 Qxh4 29. Rxe5 dxe5 30. Qxe5 Re8 31. Qf4 Re1+ 32. Rxe1 Qxe1+ 33. Kh2 Qh4+ 34. Kg1 Qe1+ 35. Kh2 Qh4+ 1/2-1/2

[Event "CZE-chT U18 Extraliga West 1819"]
[Site "Czech Republic"]
[Date "2018.10.07"]
[Round "4.6"]
[White "Hak, David"]
[Black "Janouch, Jachym Stepan"]
[Result "1-0"]
[WhiteElo "1946"]
[BlackElo "1727"]
[PlyCount "73"]
[EventDate "2018.10.05"]
[EventType "team-tourn"]
[EventRounds "11"]
[EventCountry "CZE"]
[SourceTitle "EXT 2023"]
[Source "ChessBase"]
[SourceDate "2022.10.05"]
[SourceVersion "1"]
[SourceVersionDate "2022.10.05"]
[SourceQuality "1"]
[WhiteTeam "Klatovy (U18)"]
[BlackTeam "Jicin (U18)"]
[WhiteTeamCountry "CZE"]
[BlackTeamCountry "CZE"]

1. e4 e5 2. Nf3 Nc6 3. d4 exd4 4. Bc4 Nf6 5. e5 d5 6. Bb5 Ne4 7. Nxd4 Bd7 8. Bxc6 bxc6 9. 0-0 Bc5 10. f3 Ng5 11. f4 Ne4 12. c3 Bb6 13. Be3 0-0 14. Nd2 c5 15. Ne2 Nxd2 16. Qxd2 Bc6 17. Qe1 f6 18. exf6 Qxf6 19. Qf2 Rae8 20. Rfe1 d4 21. cxd4 cxd4 22. Bxd4 Rxe2 23. Qxe2 Qxd4+ 24. Kh1 Re8 25. Qg4 Rxe1+ 26. Rxe1 Qd5 27. Re7 Qxg2+ 28. Qxg2 Bxg2+ 29. Kxg2 Kf8 30. Rd7 h6 31. Kf3 Ke8 32. Rxg7 Bd4 33. Rxc7 Bxb2 34. Rxa7 Bd4 35. Rb7 Kd8 36. Ke4 Bc3 37. Rh7 1-0

[Event "CZE-chT U18 Extraliga final-B 1718"]
[Site "Czech Republic"]
[Date "2018.04.21"]
[Round "9.5"]
[White "Svacina, Tobias"]
[Black "Janouch, Jachym Stepan"]
[Result "0-1"]
[WhiteElo "1457"]
[BlackElo "1505"]
[PlyCount "110"]
[EventDate "2017.10.07"]
[EventType "team-tourn"]
[EventRounds "11"]
[EventCountry "CZE"]
[SourceTitle "EXT 2023"]
[Source "ChessBase"]
[SourceDate "2022.10.05"]
[SourceVersion "1"]
[SourceVersionDate "2022.10.05"]
[SourceQuality "1"]
[WhiteTeam "Praha Promat Oaza (U18)"]
[BlackTeam "Jicin (U18)"]
[WhiteTeamCountry "CZE"]
[BlackTeamCountry "CZE"]

1. e4 e5 2. Bc4 Nc6 3. Nc3 Bc5 4. Qg4 Bf8 5. Qg3 d6 6. Nge2 Be6 7. Bb3 Nge7 8. d3 Qd7 9. Be3 0-0-0 10. Nd5 f5 11. Qh3 Kb8 12. Nxe7 Nxe7 13. Bxe6 Qxe6 14. Ng3 g6 15. Bg5 Re8 16. Bxe7 Bxe7 17. exf5 gxf5 18. Qxf5 Qd5 19. Qe4 Qa5+ 20. c3 d5 21. Qe2 Qa4 22. Qd1 Qf4 23. Qd2 Bg5 24. Qe2 Reg8 25. Rf1 Re8 26. Kd1 h5 27. Nxh5 Rxh5 28. g3 Qf7 29. h4 Bd8 30. Kc2 Rf5 31. Rae1 c6 32. f4 Bc7 33. d4 e4 34. g4 Rxf4 35. Rxf4 Qxf4 36. Rf1 Qh2 37. Qf2 e3 38. Qxh2 Bxh2 39. Re1 e2 40. Kd3 Bg3 41. Rxe2 Rxe2 42. Kxe2 Bxh4 43. Kd3 Kc7 44. c4 Kd6 45. c5+ Ke6 46. b4 Be1 47. a3 Kf6 48. Ke2 Bh4 49. a4 Kg5 50. b5 Kxg4 51. a5 cxb5 52. a6 bxa6 53. c6 Bd8 54. Kd3 a5 55. Kc3 Kf4 0-1

[Event "Kouty nad Desnou op-B"]
[Site "Kouty nad Desnou"]
[Date "2015.03.11"]
[Round "6"]
[White "Janouch, Jachym Stepan"]
[Black "Buk, Pavel"]
[Result "0-1"]
[WhiteElo "1309"]
[BlackElo "1732"]
[PlyCount "108"]
[EventDate "2015.03.07"]
[EventType "swiss"]
[EventRounds "9"]
[EventCountry "CZE"]
[SourceTitle "EXT 2017"]
[Source "ChessBase"]
[SourceDate "2016.10.25"]
[SourceVersion "1"]
[SourceVersionDate "2016.10.25"]
[SourceQuality "1"]

1. e4 e5 2. Nf3 Nf6 3. Nc3 Nc6 4. d4 exd4 5. Nxd4 Bb4 6. Nxc6 bxc6 7. Bd3 0-0 8. 0-0 d5 9. e5 Ng4 10. h3 Nxe5 11. Bxh7+ Kxh7 12. Qh5+ Kg8 13. Qxe5 Re8 14. Qg3 Bf5 15. Bf4 Bd6 16. Rac1 Rb8 17. b3 Qf6 18. Na4 Re2 19. Bxd6 cxd6 20. Rfe1 Rbe8 21. Rxe2 Rxe2 22. Qf3 Rxc2 23. Rxc2 Qa1+ 24. Kh2 Qe5+ 25. Qg3 Bxc2 26. Qxe5 dxe5 27. Kg3 f6 28. Kf3 Be4+ 29. Kg3 Kf7 30. f3 Bc2 31. Kf2 d4 32. Ke1 Bb1 33. a3 Ke6 34. Kd2 Kd5 35. Nb2 Bg6 36. h4 e4 37. fxe4+ Kxe4 38. Nd3 Bf7 39. b4 Bc4 40. Ne1 Kf4 41. Kc2 Kg4 42. Nf3 Bd5 43. Nxd4 Bxg2 44. Ne6 g6 45. Nf8 Be4+ 46. Kd2 Kxh4 47. Nd7 f5 48. Ke3 Kg3 49. Nf6 g5 50. Nxe4+ fxe4 51. Kxe4 g4 52. Ke5 Kf3 53. Kd6 g3 54. Kxc6 g2 0-1

[Event "CZE-ch U10"]
[Site "Kouty nad Desnou"]
[Date "2014.03.15"]
[Round "9"]
[White "Janouch, Jachym Stepan"]
[Black "Oplustil, Pavel"]
[Result "1-0"]
[WhiteElo "1270"]
[BlackElo "1382"]
[PlyCount "47"]
[EventDate "2014.03.08"]
[EventType "swiss"]
[EventRounds "9"]
[EventCountry "CZE"]
[SourceTitle "EXT 2015"]
[Source "ChessBase"]
[SourceDate "2014.11.20"]
[SourceVersion "1"]
[SourceVersionDate "2014.11.20"]
[SourceQuality "1"]

1. e4 c5 2. Nf3 d6 3. d4 cxd4 4. Nxd4 Nf6 5. Nc3 g6 6. Bc4 Bg7 7. 0-0 Nxe4 8. Nxe4 d5 9. Bb5+ Bd7 10. Bxd7+ Qxd7 11. Nc3 Nc6 12. Nf3 e6 13. Re1 0-0 14. Bf4 Rfe8 15. Qd2 Rad8 16. Bh6 Bh8 17. Rad1 Ne7 18. Ne5 Qd6 19. Bf4 Qb6 20. Qe2 Qxb2 21. Nxf7 Qxc3 22. Nxd8 Qg7 23. Qxe6+ Kf8 24. Bh6 1-0

[Event "CZE-ch U10"]
[Site "Kouty nad Desnou"]
[Date "2014.03.13"]
[Round "7"]
[White "Faja, Vilem"]
[Black "Janouch, Jachym Stepan"]
[Result "1/2-1/2"]
[WhiteElo "1382"]
[BlackElo "1270"]
[PlyCount "91"]
[EventDate "2014.03.08"]
[EventType "swiss"]
[EventRounds "9"]
[EventCountry "CZE"]
[SourceTitle "EXT 2015"]
[Source "ChessBase"]
[SourceDate "2014.11.20"]
[SourceVersion "1"]
[SourceVersionDate "2014.11.20"]
[SourceQuality "1"]

1. d4 d5 2. Nf3 Nf6 3. e3 e6 4. Bd3 Nbd7 5. b3 c5 6. 0-0 Bd6 7. Bb2 0-0 8. Ne5 Qc7 9. f4 b6 10. Nd2 Bb7 11. Qf3 c4 12. Nxd7 Qxd7 13. Be2 Rac8 14. bxc4 dxc4 15. e4 Qc7 16. Bxc4 Nxe4 17. Nxe4 Bxe4 18. Qxe4 Qxc4 19. c3 Rfe8 20. Rf3 Qd5 21. Qd3 Qc4 22. Qe3 f6 23. a3 e5 24. fxe5 fxe5 25. Re1 h6 26. Qd2 exd4 27. cxd4 Qc6 28. Rxe8+ Rxe8 29. d5 Qc5+ 30. Qd4 Qxd4+ 31. Bxd4 Rf8 32. Rxf8+ Kxf8 33. a4 Bc5 34. Bxc5+ bxc5 35. Kf2 Ke7 36. Ke3 Kd6 37. Ke4 a5 38. g4 g6 39. h4 g5 40. h5 c4 41. Kd4 c3 42. Kxc3 Kxd5 43. Kd3 Ke5 44. Ke3 Kd5 45. Kd3 Ke5 46. Ke3 1/2-1/2